[Event "Riga Tech Open A 2018"]
[Site "Riga LAT"]
[Date "2018.08.09"]
[Round "6.17"]
[White "Shishkov, Andrei"]
[Black "Annaberdiev, Meilis"]
[Result "1/2-1/2"]
[WhiteTitle "FM"]
[BlackTitle "IM"]
[WhiteElo "2370"]
[BlackElo "2509"]
[WhiteFideId "4500563"]
[BlackFideId "14000563"]
[EventDate "2018.08.06"]

1. d4 Nf6 2. c4 e6 3. Nc3 Bb4 4. Qc2 O-O 5. e4 d5 6. e5 Ne4 7. Bd3 c5 8. Nf3
cxd4 9. Nxd4 Nd7 10. Bxe4 dxe4 11. Qxe4 Qa5 12. O-O Qxe5 13. Qh4 a6 14. Nde2 Nf6
15. Rd1 Bxc3 16. Nxc3 b5 17. cxb5 axb5 18. Qg5 Qxg5 19. Bxg5 b4 20. Bxf6 gxf6
21. Ne4 f5 22. Nc5 Ba6 23. Nxa6 Rxa6 24. g3 Rc8 25. Rd3 Kg7 26. Rb3 Rc4 27. a3
bxa3 28. Raxa3 Rxa3 29. bxa3 Rc1+ 30. Kg2 Ra1 31. Kf3 Ra2 32. h3 h5 33. h4 Kg6
34. Ke3 e5 35. Kf3 f6 36. Rc3 Rd2 37. a4 Ra2 38. Rc4 Ra3+ 39. Ke2 Kf7 40. Rb4
Kg6 41. Rc4 Kf7 42. Rb4 1/2-1/2

[Event "Riga Tech Open A 2018"]
[Site "Riga LAT"]
[Date "2018.08.09"]
[Round "6.19"]
[White "Thybo, Jesper Sondergaard"]
[Black "Oboladze, Luka"]
[Result "1/2-1/2"]
[WhiteTitle "IM"]
[WhiteElo "2496"]
[BlackElo "2349"]
[WhiteFideId "1438832"]
[BlackFideId "13608207"]
[EventDate "2018.08.06"]

1. d4 Nf6 2. c4 e6 3. g3 c5 4. d5 exd5 5. cxd5 d6 6. Nc3 g6 7. Bg2 Bg7 8. Nf3
O-O 9. O-O Re8 10. Bf4 Ne4 11. Nxe4 Rxe4 12. Nd2 Rxf4 13. gxf4 Bxb2 14. Rb1 Bg7
15. Re1 Qf6 16. Qa4 Bd7 17. Qa5 b6 18. Rxb6 Qc3 19. Qxc3 Bxc3 20. Rxd6 Bxd2 21.
Rb1 Bxf4 22. Rxb8+ 1/2-1/2

[Event "Riga Tech Open A 2018"]
[Site "Riga LAT"]
[Date "2018.08.09"]
[Round "6.20"]
[White "Dordzhieva, Dinara"]
[Black "Laurusas, Tomas"]
[Result "0-1"]
[WhiteTitle "WIM"]
[BlackTitle "IM"]
[WhiteElo "2314"]
[BlackElo "2463"]
[WhiteFideId "24157570"]
[BlackFideId "12803731"]
[EventDate "2018.08.06"]

1. Nf3 d5 2. g3 Nf6 3. c4 d4 4. Bg2 c5 5. O-O Nc6 6. e3 Nd7 7. exd4 cxd4 8. d3
e5 9. Re1 Be7 10. a3 a5 11. b3 O-O 12. Nbd2 Re8 13. Rb1 h6 14. h3 Qc7 15. g4 Nc5
16. Ne4 Nxe4 17. dxe4 Be6 18. Qd3 Nb8 19. Nd2 Na6 20. Qg3 Nc5 21. a4 Bg5 22. Rd1
Ra6 23. Ba3 Rb6 24. Nf1 Rd8 25. Qf3 Bc8 26. Ng3 Rf6 27. Qe2 g6 28. Qe1 d3 29.
Nf1 d2 30. Qe2 Nd3 31. f3 Qb6+ 32. c5 Nxc5 33. Qf2 Rc6 34. Bb2 Qc7 35. Nxd2 Nd3
36. Qf1 Qb6+ 0-1

[Event "Riga Tech Open A 2018"]
[Site "Riga LAT"]
[Date "2018.08.09"]
[Round "6.24"]
[White "Duzhakov, Ilya"]
[Black "Tanriverdi, Enes"]
[Result "1-0"]
[WhiteTitle "IM"]
[BlackTitle "FM"]
[WhiteElo "2441"]
[BlackElo "2276"]
[WhiteFideId "4192516"]
[BlackFideId "34543279"]
[EventDate "2018.08.06"]

1. d4 d5 2. c4 c6 3. Nf3 Nf6 4. e3 Bf5 5. Nc3 e6 6. Nh4 Be4 7. f3 Bg6 8. Qb3 Qc7
9. Bd2 Be7 10. Nxg6 hxg6 11. g3 dxc4 12. Bxc4 b5 13. Be2 a6 14. Kf2 c5 15. dxc5
Nbd7 16. Rac1 Nxc5 17. Qc2 Qb7 18. Kg2 O-O 19. e4 Rac8 20. Qb1 e5 21. Rhd1 Ne6
22. Be1 Nd4 23. Bf1 Bc5 24. b4 Ba7 25. a4 Ne8 26. axb5 axb5 27. Bf2 Nd6 28. Qd3
Nc4 29. Qb1 Nd6 30. Qa2 Rfd8 31. Nd5 Ra8 32. Rc7 Qb8 33. Ra1 Bb6 34. Qxa8 Bxc7
35. Qxb8 Bxb8 36. Bxd4 exd4 37. Ne7+ Kh7 38. Nc6 Rc8 39. Nxd4 Nxe4 40. Ra8 Nc3
41. f4 Nd5 42. Bxb5 Nxb4 43. h4 Rd8 44. Nf3 f6 45. Bc4 Bc7 46. Ra7 Bb6 47. Rb7
Bc5 48. Rb5 Bf8 49. h5 gxh5 50. Rxh5+ Kg6 51. g4 1-0

[Event "Riga Tech Open A 2018"]
[Site "Riga LAT"]
[Date "2018.08.09"]
[Round "6.25"]
[White "Cruz Lledo, Pablo"]
[Black "Pulkkinen, Kari"]
[Result "1-0"]
[WhiteTitle "IM"]
[BlackTitle "FM"]
[WhiteElo "2432"]
[BlackElo "2242"]
[WhiteFideId "2297361"]
[BlackFideId "500712"]
[EventDate "2018.08.06"]

1. d4 Nf6 2. Nf3 g6 3. Bg5 Bg7 4. Nbd2 O-O 5. c3 d5 6. e3 Bf5 7. Qb3 b6 8. c4
Be6 9. Rd1 Nc6 10. Qc3 dxc4 11. Bxc4 Bxc4 12. Qxc4 Na5 13. Qc2 Qd5 14. b3 Rac8
15. O-O Qb5 16. Nc4 Nxc4 17. bxc4 Qd7 18. e4 h6 19. Bh4 g5 20. Bg3 Nh5 21. e5
Nxg3 22. hxg3 c5 23. Rfe1 cxd4 24. Nxd4 Qc7 25. Nf5 Qxc4 26. Nxe7+ Kh8 27. Qb1
Rcd8 28. Rd6 Rxd6 29. exd6 Rd8 30. Nf5 Kg8 31. Qd1 Bf8 32. Qa1 Qd3 33. Qf6 Rxd6
34. Nxd6 Qxd6 35. Qxd6 Bxd6 36. g4 Kg7 37. g3 Kg6 38. Kg2 h5 39. gxh5+ Kxh5 40.
Rd1 1-0

[Event "Riga Tech Open A 2018"]
[Site "Riga LAT"]
[Date "2018.08.09"]
[Round "6.26"]
[White "Ruiz Castillo, Joshua Daniel"]
[Black "Semjonovs, Ilja"]
[Result "1-0"]
[WhiteTitle "IM"]
[WhiteElo "2415"]
[BlackElo "2242"]
[WhiteFideId "4400704"]
[BlackFideId "11604263"]
[EventDate "2018.08.06"]

1. e4 c5 2. Nf3 d6 3. Bb5+ Nd7 4. c3 Nf6 5. Qe2 a6 6. Ba4 b5 7. Bc2 Bb7 8. O-O
e5 9. d4 Be7 10. Rd1 Qc7 11. a4 cxd4 12. cxd4 b4 13. d5 Rc8 14. Ne1 a5 15. Bd3
O-O 16. Nd2 Nc5 17. Bb5 Nfd7 18. Nc4 Nb3 19. Rb1 Nd4 20. Rxd4 exd4 21. Bf4 Ne5
22. Bxe5 dxe5 23. Nd3 Bd6 24. f4 f6 25. f5 Ra8 26. Rc1 Rfc8 27. Kf2 Qd8 28. b3
Qe7 29. h4 Qd8 30. g4 Ba6 31. Bxa6 Rxa6 32. Rg1 Be7 33. g5 Kh8 34. h5 Qf8 35.
Ke1 Rxc4 36. bxc4 Rb6 37. gxf6 gxf6 38. Qg4 b3 39. Kd1 b2 40. Kc2 b1=Q+ 41. Rxb1
Rxb1 42. Kxb1 Qb8+ 43. Kc2 Qc7 44. Nb2 d3+ 45. Kxd3 Ba3 46. Nd1 Qb6 47. h6 Qd4+
48. Kc2 Qxc4+ 49. Nc3 Bf8 50. Qh5 Qc5 51. Qe8 Qf2+ 52. Kb3 Qb6+ 53. Qb5 Qd8 54.
Qc6 Bxh6 55. d6 Bf8 56. Nb5 Qb8 57. Qc7 Bxd6 58. Qxd6 Qxd6 59. Nxd6 h5 60. Ne8 1-0

[Event "Riga Tech Open A 2018"]
[Site "Riga LAT"]
[Date "2018.08.09"]
[Round "6.29"]
[White "Bluebaum, Matthias"]
[Black "Vaishali, R"]
[Result "1/2-1/2"]
[WhiteTitle "GM"]
[BlackTitle "WIM"]
[WhiteElo "2637"]
[BlackElo "2294"]
[WhiteFideId "24651516"]
[BlackFideId "5091756"]
[EventDate "2018.08.06"]

1. d4 Nf6 2. c4 e6 3. Nf3 d5 4. g3 Bb4+ 5. Bd2 Bd6 6. Bg2 O-O 7. O-O c6 8. Nc3
Nbd7 9. Qb3 dxc4 10. Qxc4 e5 11. Rad1 Qe7 12. Qb3 Re8 13. Qc2 h6 14. e4 b5 15.
h3 a5 16. Rfe1 Ba6 17. Kh2 b4 18. Na4 Bb5 19. Be3 Qe6 20. dxe5 Nxe5 21. Nd4 Qc4
22. Qb1 Bxa4 23. b3 Qa6 24. bxa4 Bc5 25. f4 Nc4 26. Bg1 Rad8 27. Qc1 Rd7 28. Bf1
Red8 29. Bxc4 Qb6 30. e5 Bxd4 31. Rxd4 Rxd4 32. exf6 Rd2+ 33. Re2 Rxe2+ 34. Bxe2
c5 35. fxg7 Qe6 36. Bc4 Qd6 37. Qb1 Qd2+ 38. Kh1 Qd7 39. Kh2 Qd2+ 40. Kh1 Qd7
41. Kh2 Qd2+ 1/2-1/2

[Event "Riga Tech Open A 2018"]
[Site "Riga LAT"]
[Date "2018.08.09"]
[Round "6.31"]
[White "Sorensen, Hampus"]
[Black "Anurag, Mhamal"]
[Result "1/2-1/2"]
[BlackTitle "GM"]
[WhiteElo "2267"]
[BlackElo "2484"]
[WhiteFideId "8703884"]
[BlackFideId "5024366"]
[EventDate "2018.08.06"]

1. d4 Nf6 2. c4 e6 3. Nf3 c5 4. d5 d6 5. Nc3 exd5 6. cxd5 g6 7. h3 Bg7 8. e4 O-O
9. Bd3 b5 10. Nxb5 Re8 11. O-O Nxe4 12. Re1 a6 13. Nc3 Nxc3 14. Rxe8+ Qxe8 15.
bxc3 Bxc3 16. Rb1 Nd7 17. Qa4 Qd8 18. Qc6 Rb8 19. Qxd6 Rxb1 20. Bxb1 Qb6 21.
Qxb6 Nxb6 22. d6 c4 23. Be4 Bb4 24. Be3 Nd7 25. Bd4 a5 26. Bd5 c3 27. Ne1 Bxd6
28. Bxc3 1/2-1/2

[Event "Riga Tech Open A 2018"]
[Site "Riga LAT"]
[Date "2018.08.09"]
[Round "6.33"]
[White "Garriga Cazorla, Pere"]
[Black "Rogule, Laura"]
[Result "1-0"]
[WhiteTitle "IM"]
[BlackTitle "WGM"]
[WhiteElo "2444"]
[BlackElo "2272"]
[WhiteFideId "32011601"]
[BlackFideId "11601876"]
[EventDate "2018.08.06"]

1. d4 d5 2. c4 e6 3. Nc3 Nf6 4. cxd5 exd5 5. Bg5 c6 6. e3 Be7 7. Bd3 Nbd7 8. Qc2
O-O 9. Nf3 Re8 10. h3 Nf8 11. Bf4 Bd6 12. Bxd6 Qxd6 13. O-O-O Be6 14. Kb1 Rac8
15. g4 c5 16. dxc5 Rxc5 17. Nd4 a6 18. f4 Rec8 19. Qe2 R5c7 20. g5 Ne8 21. Qg2
g6 22. Rhf1 Ng7 23. Nce2 Nd7 24. Ng3 Nb6 25. f5 Bd7 26. Qf2 Ba4 27. b3 Be8 28.
e4 Qb4 29. Qb2 Qd6 30. Nde2 Bc6 31. e5 Qd8 32. Qd4 Nd7 33. Qf4 Qe8 34. e6 fxe6
35. f6 Nf5 36. Nxf5 exf5 37. Nd4 Nc5 38. Rfe1 Ne4 39. Rc1 Qd7 40. h4 Kf7 41. h5
Bb5 42. hxg6+ hxg6 43. Bxb5 Rxc1+ 44. Rxc1 Rxc1+ 45. Qxc1 axb5 46. Nf3 Qd8 47.
Qh1 Ke6 48. Qh2 d4 49. Qe5+ Kf7 50. Kb2 d3 51. Qxb5 d2 52. Qc4+ Kf8 53. Ne5
d1=N+ 54. Ka1 Nd6 55. Nxg6+ Ke8 56. Qe6+ 1-0

[Event "Riga Tech Open A 2018"]
[Site "Riga LAT"]
[Date "2018.08.09"]
[Round "6.34"]
[White "Stauskas, Lukas"]
[Black "Kjartansson, Gudmundur"]
[Result "0-1"]
[BlackTitle "IM"]
[WhiteElo "2256"]
[BlackElo "2434"]
[WhiteFideId "12808148"]
[BlackFideId "2301318"]
[EventDate "2018.08.06"]

1. d4 Nf6 2. c4 b6 3. Nc3 Bb7 4. Qc2 d5 5. cxd5 Nxd5 6. e4 Nxc3 7. bxc3 e5 8.
Bb5+ c6 9. Bc4 b5 10. Qb3 Qc7 11. Bd3 Nd7 12. Nf3 Bd6 13. O-O O-O 14. Be3 a6 15.
a4 Rab8 16. dxe5 Bxe5 17. Nxe5 Nxe5 18. Be2 Bc8 19. Qc2 Be6 20. axb5 axb5 21.
Ra7 Rb7 22. Rxb7 Qxb7 23. f4 Nc4 24. Bd4 f6 25. Bc5 Ra8 26. Rd1 Qc8 27. h3 Qe8
28. Bf3 Bf7 29. Qf2 Bh5 30. Bxh5 Qxh5 31. Rd7 Qg6 32. Qd4 Ra1+ 33. Kh2 h5 34.
Bf8 Qh6 35. e5 fxe5 36. fxe5 Ne3 37. Bc5 Nf1+ 38. Kg1 Ng3+ 39. Kh2 Qg6 0-1

[Event "Riga Tech Open A 2018"]
[Site "Riga LAT"]
[Date "2018.08.09"]
[Round "6.39"]
[White "Pershin, Denis"]
[Black "Arnold, Max"]
[Result "1-0"]
[WhiteElo "2403"]
[BlackElo "2260"]
[WhiteFideId "24165506"]
[BlackFideId "24682810"]
[EventDate "2018.08.06"]

1. d4 Nf6 2. Nc3 d5 3. Bf4 c5 4. e3 cxd4 5. exd4 a6 6. Nf3 Bg4 7. h3 Bh5 8. g4
Bg6 9. Ne5 Ne4 10. Nxe4 Bxe4 11. f3 Bg6 12. h4 f6 13. Nxg6 hxg6 14. Bd3 Kf7 15.
h5 gxh5 16. gxh5 e6 17. Bg6+ Ke7 18. Qe2 Kd7 19. O-O-O Bd6 20. Bxd6 Kxd6 21.
Rhe1 Qd7 22. Qh2+ Kc6 23. Re3 Kb6 24. Rde1 Nc6 25. Rxe6 Rad8 26. Qe2 Ka7 27. c3
Qc8 28. Kb1 Ka8 29. Qg2 Qd7 30. Qg4 Ka7 31. Be8 Ne5 32. R1xe5 Qc8 33. Re2 Rdxe8
34. Re7 Qc6 35. Qf5 g6 36. Qxg6 Reg8 37. Qf7 Rf8 38. Qg6 Rfg8 39. Qf5 Rg5 40.
Qd7 Qxd7 41. Rxd7 Rgxh5 42. Ree7 Rb8 43. Rf7 Rf5 44. Rd6 Rxf3 45. Rxd5 Rf2 46.
a3 Re2 47. Rdd7 Re6 48. Ka2 a5 49. Rd5 a4 50. Ra5+ Ra6 51. Rxa6+ Kxa6 52. Rxf6+
Kb5 53. Rf5+ Kc6 54. Rc5+ Kd6 55. Rb5 Kc6 56. Rb4 b5 57. c4 Rd8 58. cxb5+ 1-0

[Event "Riga Tech Open A 2018"]
[Site "Riga LAT"]
[Date "2018.08.09"]
[Round "6.44"]
[White "Krivonosov, Oleg"]
[Black "Makoveev, Ilya"]
[Result "1-0"]
[WhiteTitle "IM"]
[BlackTitle "FM"]
[WhiteElo "2386"]
[BlackElo "2249"]
[WhiteFideId "11600349"]
[BlackFideId "34155748"]
[EventDate "2018.08.06"]

1. Nf3 Nf6 2. c4 g6 3. Nc3 d5 4. cxd5 Nxd5 5. e4 Nxc3 6. dxc3 Qxd1+ 7. Kxd1 Nd7
8. Bc4 e5 9. Be3 f6 10. Ke2 Bc5 11. Rhd1 Bxe3 12. Kxe3 Ke7 13. Ne1 Nc5 14. Nd3
Nxd3 15. Rxd3 Bd7 16. Rad1 Rad8 17. h4 Bg4 18. f3 Rxd3+ 19. Rxd3 Be6 20. Bxe6
Kxe6 21. c4 b6 22. b4 a6 23. g3 h5 24. f4 Ra8 25. fxe5 fxe5 26. Ra3 a5 27. Ke2
Ke7 28. c5 Kd7 29. cxb6 cxb6 30. bxa5 bxa5 31. Rb3 Kc6 32. a4 Kc5 33. Ke3 Ra6
34. Rb5+ Kc4 35. Rxe5 Kb4 36. Rb5+ Kxa4 37. Rb8 Rc6 38. e5 Rc3+ 39. Kd4 Rxg3 40.
e6 Rg4+ 41. Kd5 Rg1 42. e7 Rd1+ 43. Kc4 Rc1+ 44. Kd3 Rd1+ 45. Ke2 1-0

[Event "Riga Tech Open A 2018"]
[Site "Riga LAT"]
[Date "2018.08.10"]
[Round "7.1"]
[White "Hovhannisyan, Robert"]
[Black "Kovalenko, Igor"]
[Result "1-0"]
[WhiteTitle "GM"]
[BlackTitle "GM"]
[WhiteElo "2608"]
[BlackElo "2641"]
[WhiteFideId "13302507"]
[BlackFideId "14117908"]
[EventDate "2018.08.06"]

1. e4 e5 2. Nf3 Nc6 3. Bb5 a6 4. Ba4 Nf6 5. O-O Bc5 6. c3 b5 7. Bc2 d6 8. a4 Bg4
9. d3 O-O 10. h3 Bh5 11. Re1 b4 12. g4 Bg6 13. Bg5 Rb8 14. Nbd2 Ba7 15. Nc4 Qe7
16. d4 bxc3 17. bxc3 exd4 18. cxd4 Rfe8 19. Rc1 Qf8 20. Bxf6 gxf6 21. Ne3 Nb4
22. Bb1 c6 23. Nh4 d5 24. Nef5 Rbd8 25. e5 fxe5 26. dxe5 c5 27. Qd2 Nc6 28. Qg5
Re6 29. Nh6+ Kh8 30. Bf5 Bxf5 31. N4xf5 c4 32. Rc3 Rg6 33. Qf4 Bb8 34. Qd2 Bxe5
35. Rf3 Bf6 36. h4 Bxh4 37. Nxh4 Rxh6 38. Rxf7 Qxf7 39. Qxh6 Nd4 40. Re7 Nf5 41.
Nxf5 Qg6 42. Rxh7+ 1-0

[Event "Riga Tech Open A 2018"]
[Site "Riga LAT"]
[Date "2018.08.10"]
[Round "7.2"]
[White "Donchenko, Alexander"]
[Black "Maiorov, Nikita1"]
[Result "0-1"]
[WhiteTitle "GM"]
[BlackTitle "GM"]
[WhiteElo "2612"]
[BlackElo "2504"]
[WhiteFideId "24603295"]
[BlackFideId "13501720"]
[EventDate "2018.08.06"]

1. g3 d5 2. Nf3 c6 3. Bg2 Nf6 4. O-O Bg4 5. h3 Bh5 6. c4 e6 7. d4 Be7 8. Ne5 O-O
9. Nc3 Nfd7 10. g4 Nxe5 11. dxe5 Bg6 12. cxd5 cxd5 13. f4 h6 14. f5 Bh7 15. f6
gxf6 16. Bxh6 Re8 17. exf6 Bxf6 18. Qd2 Nd7 19. Kh1 Ne5 20. Qf4 Bh8 21. Bg5 Qb6
22. Bf6 Ng6 23. Qg5 Bxf6 24. Qxf6 Rf8 25. Rad1 Qe3 26. Rd4 Rac8 27. g5 Rc6 28.
Qf2 Qxg5 29. e4 e5 30. Rxd5 Nf4 31. h4 Rh6 32. Qxf4 Rxh4+ 33. Qxh4 Qxh4+ 34. Kg1
Qg3 35. Rf3 Qe1+ 36. Kh2 Bg6 37. Rxe5 Kg7 38. Rh3 Qf2 39. Rb5 b6 40. b3 Rc8 41.
Rd5 Qf4+ 42. Kg1 b5 43. Rd1 b4 44. Ne2 Qg4 45. Rd2 Qg5 46. Rd5 Qe7 47. Nf4 Rc1+
48. Kh2 Qc7 49. e5 Qb6 50. Rg3 Qg1+ 51. Kh3 Rc3 52. Nxg6 Qf2 53. Rxc3 bxc3 54.
e6 fxe6 55. Rg5 Qe3+ 56. Rg3 Qxg3+ 57. Kxg3 c2 58. Nf4 c1=Q 59. Nxe6+ Kf6 60.
Nf4 Qd2 61. Bf1 Qxa2 62. Bc4 Ke5 63. Kf3 a5 64. Ke3 a4 65. Nd3+ Kd6 66. Nb4 Qb1
67. Kd2 a3 0-1

[Event "Riga Tech Open A 2018"]
[Site "Riga LAT"]
[Date "2018.08.10"]
[Round "7.3"]
[White "Predke, Alexandr"]
[Black "Yankelevich, Lev"]
[Result "1-0"]
[WhiteTitle "GM"]
[BlackTitle "IM"]
[WhiteElo "2606"]
[BlackElo "2420"]
[WhiteFideId "24107581"]
[BlackFideId "24684074"]
[EventDate "2018.08.06"]

1. e4 e5 2. Nf3 Nc6 3. Bb5 a6 4. Ba4 Nf6 5. O-O Be7 6. Re1 b5 7. Bb3 d6 8. c3
O-O 9. h3 Bb7 10. d3 h6 11. Nbd2 Re8 12. Nf1 Bf8 13. Ng3 d5 14. exd5 Nxd5 15. d4
Qd6 16. Ne4 Qd8 17. Bxh6 exd4 18. Bg5 Qd7 19. Nxd4 Na5 20. Bc2 c5 21. Nb3 Nxb3
22. axb3 Qc6 23. Qg4 Re6 24. Rad1 Ne7 25. Nd2 Re8 26. Rxe6 Qxe6 27. Qxe6 fxe6
28. Nf3 Bxf3 29. gxf3 Nd5 30. Bg6 Rb8 31. f4 Nf6 32. Re1 Rb6 33. f5 exf5 34.
Bxf5 Kf7 35. Ra1 Rc6 36. Kf1 g6 37. Bd3 Re6 38. c4 b4 39. Be3 Nd7 40. Be2 Ne5
41. Bg4 Nxg4 42. hxg4 Re4 43. Rxa6 Rxg4 44. Rc6 Rh4 45. Bxc5 Bxc5 46. Rxc5 Rh3
47. Rd5 Rxb3 48. Rd2 Rh3 49. Kg2 Rh4 50. b3 Ke6 51. Rd5 Rg4+ 52. Kf3 Rh4 53. Kg3
Rh1 54. Rb5 Rb1 55. Rxb4 Ke5 56. Rb5+ Ke4 57. Kg2 Kd4 58. c5 g5 59. c6 Rc1 60.
Rb4+ Kc5 61. Rc4+ 1-0

[Event "Riga Tech Open A 2018"]
[Site "Riga LAT"]
[Date "2018.08.10"]
[Round "7.4"]
[White "Meshkovs, Nikita"]
[Black "Ter-Sahakyan, Samvel"]
[Result "1-0"]
[WhiteTitle "GM"]
[BlackTitle "GM"]
[WhiteElo "2524"]
[BlackElo "2551"]
[WhiteFideId "11602740"]
[BlackFideId "13302531"]
[EventDate "2018.08.06"]

1. c4 Nf6 2. Nf3 c6 3. Nc3 d5 4. e3 Nbd7 5. d4 e6 6. Qc2 Bd6 7. Bd2 O-O 8. h3 b6
9. g4 Bb7 10. g5 Nh5 11. O-O-O Rc8 12. Rg1 c5 13. cxd5 exd5 14. Kb1 a6 15. Bc1
b5 16. dxc5 Rxc5 17. Qb3 Nb6 18. Nd4 g6 19. f4 Nc4 20. Rd3 Re8 21. Qd1 b4 22.
Na4 Rc7 23. Be2 Ng7 24. Bf3 Qb8 25. b3 Na3+ 26. Bxa3 bxa3 27. Nc3 Bc5 28. Nc2 a5
29. Bxd5 Ba6 30. Rd2 Bb4 31. Ne4 Rxe4 32. Bxe4 Bxd2 33. Qxd2 Ne6 34. Nxa3 Nc5
35. Bc2 a4 36. Rd1 Rd7 37. Qc3 axb3 38. axb3 Ne4 39. Qc6 Rxd1+ 40. Bxd1 Bd3+ 41.
Kb2 Nf2 42. Bf3 Bf5 43. Nb5 h6 44. gxh6 Kh7 45. Bd5 Nd3+ 46. Kc3 Qf8 47. Qd6 Qe8
48. Bc4 Nf2 49. Qd4 Ne4+ 50. Kb2 Kxh6 51. Bd5 Kh7 52. Nc7 Qe7 53. Bxe4 Bxe4 54.
Nb5 Bf5 55. Nd6 Bxh3 56. Ne4 Kg8 57. Nf6+ Kf8 58. b4 Be6 59. b5 Qb7 60. b6 Qg2+
61. Kc3 Qf1 62. Kb4 Qb1+ 63. Ka5 Qa2+ 64. Qa4 Qxa4+ 65. Kxa4 Bc8 66. Kb5 Ke7 67.
Ne4 1-0

[Event "Riga Tech Open A 2018"]
[Site "Riga LAT"]
[Date "2018.08.10"]
[Round "7.6"]
[White "Haria, Ravi"]
[Black "Smirin, Ilia"]
[Result "1/2-1/2"]
[WhiteTitle "IM"]
[BlackTitle "GM"]
[WhiteElo "2449"]
[BlackElo "2602"]
[WhiteFideId "415820"]
[BlackFideId "2801990"]
[EventDate "2018.08.06"]

1. Nf3 d5 2. g3 Bg4 3. Bg2 e6 4. O-O Nd7 5. h3 Bh5 6. d4 Ngf6 7. c4 c6 8. cxd5
exd5 9. Qb3 Qb6 10. Qe3+ Be7 11. Nh4 Kf8 12. Nc3 Re8 13. Qd3 Bg6 14. Nxg6+ hxg6
15. Rb1 a5 16. a3 Qb3 17. Qd1 Qxd1 18. Rxd1 Bd6 19. Re1 Nb6 20. b4 axb4 21. axb4
Nc4 22. b5 Bc7 23. bxc6 bxc6 24. Rb3 Ba5 25. e3 Kg8 26. Re2 Kh7 27. Rc2 Rb8 1/2-1/2

[Event "Riga Tech Open A 2018"]
[Site "Riga LAT"]
[Date "2018.08.10"]
[Round "7.7"]
[White "Svane, Rasmus"]
[Black "Duzhakov, Ilya"]
[Result "1-0"]
[WhiteTitle "GM"]
[BlackTitle "IM"]
[WhiteElo "2591"]
[BlackElo "2441"]
[WhiteFideId "4657101"]
[BlackFideId "4192516"]
[EventDate "2018.08.06"]

1. Nf3 Nf6 2. c4 g6 3. Nc3 Bg7 4. e4 e5 5. Nxe5 O-O 6. Nf3 Re8 7. d3 d5 8. cxd5
Nxd5 9. Nxd5 Qxd5 10. Be2 Qd6 11. O-O c5 12. Qc2 Nc6 13. Be3 b6 14. Rad1 Be6 15.
Qb1 h6 16. Rfe1 Rad8 17. h3 Kh7 18. Bf1 Re7 19. Bd2 Red7 20. Bc3 Qf8 21. Qc2 Nd4
22. Nxd4 Bxd4 23. e5 Qe7 24. b3 Qg5 25. Bxd4 Rxd4 26. Re3 h5 27. Rde1 h4 28. Qb2
Rf4 29. Qc1 Rb4 30. Qc3 a5 31. Re4 Rdd4 32. Rxd4 Rxd4 33. Re4 Bxh3 34. Rxd4 cxd4
35. Qxd4 Bxg2 36. Bxg2 h3 37. Qd5 Kg7 38. f4 Qxf4 39. Bxh3 Qg3+ 40. Bg2 Qe1+ 41.
Bf1 Qg3+ 42. Kh1 Qf2 43. Qg2 Qe1 44. Qe2 Qh4+ 45. Kg1 Qg5+ 46. Bg2 Qc1+ 47. Kf2
Qf4+ 48. Bf3 Qh2+ 49. Kf1 Qf4 50. Kg2 Qd4 51. a4 Qc3 52. Bd5 1-0

[Event "Riga Tech Open A 2018"]
[Site "Riga LAT"]
[Date "2018.08.10"]
[Round "7.8"]
[White "Esipenko, Andrey"]
[Black "Cruz Lledo, Pablo"]
[Result "1-0"]
[WhiteTitle "GM"]
[BlackTitle "IM"]
[WhiteElo "2589"]
[BlackElo "2432"]
[WhiteFideId "24175439"]
[BlackFideId "2297361"]
[EventDate "2018.08.06"]

1. d4 d5 2. c4 dxc4 3. e4 Nf6 4. e5 Nd5 5. Bxc4 Nb6 6. Bd3 Nc6 7. Ne2 Nb4 8. Be4
N4d5 9. Nbc3 f5 10. Bf3 Be6 11. Nxd5 Nxd5 12. Qb3 b6 13. Qc2 Qd7 14. Nf4 c6 15.
Bd2 Rc8 16. Nxe6 Qxe6 17. Rc1 g6 18. Qc4 Kd8 19. O-O Qd7 20. Rc2 e6 21. Rfc1 Be7
22. Qa4 c5 23. Qa6 Ke8 24. Bxd5 exd5 25. e6 Qc6 26. dxc5 bxc5 27. Qxa7 Qxe6 28.
Re1 Qd7 29. Rxc5 Rxc5 30. Qxc5 Kf7 31. Qc2 Rc8 32. Qd3 Bf6 33. b3 d4 34. h3 h6
35. a4 Bg5 36. Rd1 Bxd2 37. Qxd2 Rb8 38. Qxh6 Qe6 39. Qh7+ Kf6 40. Qh4+ Kf7 41.
Qxd4 Rxb3 42. Ra1 Rb6 43. a5 Ra6 44. Rb1 Qe4 45. Qxe4 fxe4 46. Ra1 Ke6 47. Kf1
Kd5 48. Ke2 1-0

[Event "Riga Tech Open A 2018"]
[Site "Riga LAT"]
[Date "2018.08.10"]
[Round "7.9"]
[White "Pechac, Jergus"]
[Black "Schroeder, Jan-Christian"]
[Result "1-0"]
[WhiteTitle "IM"]
[BlackTitle "GM"]
[WhiteElo "2431"]
[BlackElo "2573"]
[WhiteFideId "14926970"]
[BlackFideId "24662259"]
[EventDate "2018.08.06"]

1. g3 d5 2. Nf3 Nf6 3. Bg2 e6 4. O-O Be7 5. c4 O-O 6. b3 b6 7. cxd5 exd5 8. d4
Bb7 9. Bb2 Nbd7 10. Nc3 Re8 11. e3 Ne4 12. Nxe4 dxe4 13. Nd2 Nf6 14. Qc2 Bd6 15.
Rfd1 Bd5 16. Nc4 Qd7 17. Rac1 h5 18. Qe2 h4 19. gxh4 Qf5 20. Kh1 Qh7 21. Nxd6
cxd6 22. Ba3 Rad8 23. h5 Be6 24. Rg1 Bg4 25. Qb5 d5 26. Rc7 Rd7 27. Rc6 Be6 28.
Qe2 Bg4 29. Qb5 Be6 30. Qe2 Rdd8 31. Bh3 Rc8 32. Rd6 Bxh3 33. Rxf6 Re6 34. Rf4
f5 35. Qa6 Rd8 36. Qb7 Ree8 37. Be7 Rb8 38. Qxd5+ Kh8 39. h6 Rxe7 40. hxg7+ Rxg7
41. Rxg7 Kxg7 42. Qe5+ Kf7 43. Qc7+ Kg6 44. Qxb8 Qh5 45. Qe8+ 1-0

[Event "Riga Tech Open A 2018"]
[Site "Riga LAT"]
[Date "2018.08.10"]
[Round "7.10"]
[White "Petrosyan, Manuel"]
[Black "Sinz, Bernhard"]
[Result "1-0"]
[WhiteTitle "GM"]
[BlackTitle "FM"]
[WhiteElo "2567"]
[BlackElo "2377"]
[WhiteFideId "13300857"]
[BlackFideId "4618807"]
[EventDate "2018.08.06"]

1. d4 d5 2. c4 e6 3. Nc3 c6 4. Nf3 Nf6 5. Bg5 dxc4 6. e4 b5 7. e5 h6 8. Bh4 g5
9. Nxg5 hxg5 10. Bxg5 Nbd7 11. exf6 Bb7 12. g3 Qb6 13. Bg2 O-O-O 14. O-O c5 15.
d5 b4 16. Rb1 Qa6 17. dxe6 Bxg2 18. e7 Bxf1 19. Kxf1 Bxe7 20. fxe7 Rdg8 21. Ne4
Rxg5 22. Nxg5 Qg6 23. Nf3 Re8 24. Rc1 Qe4 25. Qe2 Qxe2+ 26. Kxe2 Rxe7+ 27. Kf1
Nb6 28. Nd2 c3 29. bxc3 Kb7 30. Nb3 Re5 31. cxb4 cxb4 32. Nc5+ Ka8 33. Na6 Re4
34. Rb1 Nd5 35. a3 Re6 36. Nxb4 Rb6 37. Rb2 1-0